| 000 | 02128nam0a2200493 4500 | ||
|---|---|---|---|
| 001 | RU\NLR\bibl\1325718 | ||
| 005 | 20250615162201.0 | ||
| 010 |
_a978-5-9704-0898-8 _92000 |
||
| 021 |
_aRU _b2008-97961 _95745 |
||
| 035 | _a(nilc)EL/0000255031 | ||
| 035 | _aVIL\RUSMED\0000147449 | ||
| 035 | _a(NLR Aleph) 001311024 | ||
| 090 |
_a679578 _c679578 |
||
| 100 | _a20081211d2008 |||y0rusy50 ca | ||
| 101 | 1 |
_arus _ceng |
|
| 102 | _aRU | ||
| 105 | _aa ||||||||| | ||
| 200 | 1 |
_aУроки дифференциального диагноза _e[учебное пособие для студентов медицинских вузов] _fЭрик Р. Бек и др. _gпер. с англ. под ред. проф. Л. В. Козловской |
|
| 210 |
_aМосква _cГЭОТАР-Медиа _d2008 |
||
| 215 |
_a298 с. _cил. _d27 |
||
| 300 | _aПер. изд.: Tutorials in differential diagnosis / Eric R Beck [et. al]. - Edinburgh [etc], 2003 | ||
| 320 | _aПредм. указ.: с. 290-298 | ||
| 454 | 0 |
_12001#$aTutorials in differential diagnosis _1210##$aEdinburgh [etc]$d2003 _tTutorials in differential diagnosis |
|
| 606 | 1 |
_aДИАГНОСТИКА ДИФФЕРЕНЦИАЛЬНАЯ _2rus_mesh _3R4041 |
|
| 606 | 1 |
_aDIAGNOSIS, DIFFERENTIAL _2rus_mesh _3E4041 |
|
| 606 | 1 |
_aУЧЕБНОЕ ПОСОБИЕ _2rus_mesh _3R53797 |
|
| 606 | 1 |
_aСиндромы _jУчебные издания _xДифференциальная диагностика _92352582 _3RU\NLR\auth\661405419 |
|
| 606 | 1 |
_aINSTRUCTION _2rus_mesh _3E53797 |
|
| 686 |
_a76.01.33 _2rugasnti |
||
| 686 |
_a76.29.29 _2rugasnti |
||
| 686 |
_aE01.171 _v2009 _2MESH |
||
| 686 |
_aV02.575 _v2009 _2MESH |
||
| 686 | _aР348я7 | ||
| 686 | _aР341.2я7 | ||
| 701 | 1 |
_aБек _bЭ. Р. _gЭрик Р _4070 |
|
| 701 | 1 |
_aСоухами _bР. Л. _gРоберт Л _4070 |
|
| 701 | 1 |
_aХанна _bМ. Г. _gМайкл Г _4070 |
|
| 701 | 1 |
_aХолдрайт _bД. Р. _gДиана Р _4070 |
|
| 801 | 0 |
_aRU _bЦНМБ _c20081211 _gPSBO |
|
| 801 | 1 |
_aRU _bЦНМБ _c20081211 |
|
| 801 | 2 |
_aRU _bNLR _c20090206 _grcr |
|
| 942 | _cBOOK | ||
| 980 | _aNB | ||